Уруугаа ургасан мод (Бичлэгийн дугаар. 1002225)

MARC дэлгэрэнгүй
000 -Удирдлага
Ном зүйн бүртгэл тоо буюу кодлох утгыг агуулсан 00583nam a22001937a 4500
008 - ЕРӨНХИЙ МЭДЭЭЛЭЛ-ЭЛЕМЕНТҮҮДИЙН ӨГӨГДЛИЙН УРТ
fixed length control field 240619b mp ||||| |||| 00| 0 mon d
035 ## - СИСТЕМИЙН ХЯНАЛТЫН ДУГААР
Системийн хяналтын дугаар 548290
040 ## - ЭХ СУРВАЛЖИЙГ ТОДОРХОЙЛОН БИЧИХ
Анхны каталогийн байгууллага HO1084140
Каталогийн хэл Монгол
Бичлэг хийж нэвтрүүлэх байгууллага MN-UlNLM
Өөрчлүүлэх байгууллага MN-UlNLM
Бичиглэлийн тодорхойлолт rda
041 ## - ХЭЛНИЙ КОД
Текстийн хэлний код/фонограм буюу салангид гарчиг Монгол
082 ## - ДЬЮИ АРАВТЫН АНГИЛЛЫН ДУГААР
Дьюигийн аравтын ангилал 10-t
Classification number 891.4
Item number Ч 18
100 ## - ЗОХИОГЧИЙН ХЭСЭГ
Зохиогчийн нэр Чандар К.
245 #0 - ҮНДСЭН ГАРЧИГ
Гарчиг Уруугаа ургасан мод
264 ## - ГАРАЛТЫН МЭДЭЭ
Хэвлэгдсэн газар Улаанбаатар
Бүтээгч, хэвлэгч, түгээгч, үйлдвэрлэгчийн нэр Улсын хэвлэлийн газар
Хэвлэгдсэн он 1958
300 ## - ТООНЫ МЭДЭЭ
Хуудасны тоо 88х.
336 ## - АГУУЛГЫН ТӨРӨЛ
Нөөц rdacontent
Агуулгын төрлийн нөхцөл text
Агуулгын төрлийн код txt
337 ## - MEDIA TYPE
Эх сурвалж rdamedia
Файлын төрөл unmediated
Файлын код n
338 ## - CARRIER TYPE
Source rdacarrier
Carrier type term volume
Carrier type code nc
942 ## - ЭЛЕМЕНТИЙН ТӨРӨЛ
Анги Аравтын ангилал
Төрөл Ном
Захиалгууд
Буцаан татагдсан төлөв Хасагдсан шалтгаан Гэмтсэн төлөв Данс заагч Захиалах боломжгүй Үндсэн номын сан Одоогийн байршил Салбар танхим Салбар танхим Бүртгэсэн огноо Тавиурын заалт Баркод Үнэ Хамгийн сүүлд байсан огноо Нийт уншлаганд гарсан тоо Дансны дугаар Төрөл
          Ховд Ховд Ховд | Гэрээр ном олгох Ховд | Гэрээр ном олгох 2024-06-29 891.4Ч 18 HO108548290 180.00 2024-06-29   43066 Ном